00197nam a22000737a 4500008004100000082001500041245005800056300000900114230620b xxu||||| |||| 00| 0 eng d a307.1bUND aSaemaul 1985bA new dawn rises over Taechongbong peak a208p